000 00728nam a2200205Ia 4500
003 GCL
008 140319s9999 xx 000 0 ara d
040 _aGCL /
_cGCL
082 0 4 _a332.158
_bص ب
100 1 _aصفوت عبدالسلام عوض الله
245 1 0 _aالبنك الدولى ومشكلات التنمية الاقتصادية فى دول العالم الثالث /
_cصفوت عبدالسلام عوض الله
260 _a[S.N] :
_bدار النهضة العربية ،
_c1993
490 _a
650 0 4 _aمصر
650 0 4 _aالاقتصاد
650 0 4 _aالتنمية الاقتصادية
650 0 4 _aالتمويل الدولى
650 0 4 _aالبنوك الدولية
942 _2ddc
_cBK
999 _c37027
_d37027